00552 a2200169 4500010002800000020002200028035002700050037001600077037001600093082001300109100001800122245007400140260003700214270008200251300002800333500002100361 aENG-89935 B-448679-683 a8125035109c550.0 aEN-73468 B-448679-683 bDBAD / PUB bK.K.Pub/Ven14a791.43751 aHood, John W.1 aBeyond the world of Apu:cby John W. Hoodbthe films of Satyajit Ray/ aNew DelhibOrient Longmanc2008 a1/24, Asaf Ali Road,bNew Delhie110002mdelgeneral@orientlongman.comcDelhi axi, 476p.c22 cm (pbk) aIncludes index.